Religion Quiz

Random Religion or Islam Quiz

Majority Religion by Country Quiz Stats

 Plays Quiz Updated Jun 16, 2017

Support Sporcle.
Go Orange.
Score 0/30 Timer 04:00
0 Plays Today
Country Religion % Correct
Greece???
89.5%
Venezuela???
88.9%
Iran???
88.9%
El Salvador???
88.7%
San Marino???
88%
Egypt???
86.1%
Pakistan???
84.7%
Libya???
84.2%
India???
83.8%
Somalia???
80%
Sudan???
79.9%
Philippines???
76.6%
Indonesia???
73.8%
Nepal???
73.7%
Kyrgyzstan???
73.1%
Country Religion % Correct
Botswana???
72.6%
Tonga???
72.6%
Djibouti???
71.6%
Kenya???
69.2%
Papua New Guinea???
69%
Ghana???
68.5%
Chad???
67.5%
Kiribati???
60.7%
Bangladesh???
58.3%
Timor-Leste???
51.8%
Senegal???
50.1%
Albania???
48.5%
Comoros???
47.8%
South Sudan???
42.5%
Mauritius???
17.5%

You're not logged in!

Compare scores with friends on all Sporcle quizzes.
OR
Log In
Forgot?

From the Vault

Tennis Grand Slam Winners (1990s)

by bazmerelda

At these events, white shorts and headbands are always in style.
Remove Ads.
Support Sporcle.
Get the best of Sporcle when you Go Orange. This ad-free experience offers more features, more stats, and more fun while also helping to support Sporcle. Thank you for becoming a member.

Show Comments

Extras

Top Quizzes Today


Score Distribution

Your Account Isn't Verified!

In order to create a playlist on Sporcle, you need to verify the email address you used during registration. Go to your Sporcle Settings to finish the process.

Report this User

Report this user for behavior that violates our Community Guidelines.

Details: